000 00267nam a22001217a 4500
008 171127b xxu||||| |||| 00| 0 eng d
041 _aeng
080 _a612.39
100 _a10
101 _aSHU
245 _aMAGAZINIMI I SIGURT PMB-VE
_cCARA, M
942 _2udc
_cBK
999 _c38588
_d38588